Αναζητώντας το άπειρο
Αποθηκεύτηκε σε:
| Κύριος συγγραφέας: | |
|---|---|
| Άλλοι συγγραφείς: | , |
| Μορφή: | Βιβλίο |
| Γλώσσα: | Greek English |
| Δημοσίευση: |
Αθήνα :
Κάτοπτρο,
1997.
|
| Θέματα: | |
| Ετικέτες: |
Προσθήκη ετικέτας
Δεν υπάρχουν, Καταχωρήστε ετικέτα πρώτοι!
|
MARC
| LEADER | 00000cam a2200000 i 4500 | ||
|---|---|---|---|
| 001 | 1/23229 | ||
| 008 | 980519s1997 gr | ||| |||| ||gre|| | ||
| 020 | |a 960777809X | ||
| 035 | |l 10036787 | ||
| 040 | |a GR-MyUA |b gre |e AACR2 | ||
| 041 | 1 | |a gre |h eng | |
| 082 | 0 | |a 511.322 | |
| 100 | 1 | |a Vilenkin, N. IA. |q (Naum IAkovlevich) | |
| 245 | 1 | 0 | |a Αναζητώντας το άπειρο / |c N.Ya. Vilenkin ; μετάφραση και επιστημονική επιμέλεια Αριστείδης Μουζακίτης, Γιώργος Μπούκης. |
| 260 | |a Αθήνα : |b Κάτοπτρο, |c 1997. | ||
| 300 | |a 216 σ. ; |c 21 εκ. | ||
| 650 | 0 | 0 | |a Infinite. |
| 650 | 0 | 0 | |a Set theory. |
| 700 | 1 | |a Μουζακίτης, Αριστείδης, |e trl |e edt | |
| 700 | 1 | |a Μπούκης, Γιώργος, |e trl |e edt | |
| 765 | 0 | 8 | |i Μετάφραση του: |t In search of infinity / |
| 852 | |a INST |b RHODES |e 19980519 |h 511.322 VIL |p 005400006609 |q 005400006609 |t BK |y 0 | ||
| 852 | |a INST |b SAMOS |e 20000327 |h 511.322 VIL |p 005300015861 |q 005300015861 |t BK |y 0 | ||
| 901 | |a BIBL-1998-1 | ||
| 901 | |a BIBL3-2000-1 | ||
| 909 | |a Ρ |b 053757 | ||
| 909 | |a Σ |b 071799 | ||
| 922 | |a 4ΕΛΗ |b 199802 |c ΚΠΣ/Ν |d EMVASIS | ||
| 922 | |a 3ΕΛΗ |b 199912 |c ΒΙΒΛΙΟΘΗΚΗ |d ΠΑΠΑΣΩΤΗΡΙΟΥ | ||